đŸŽ” Disney Le Bossu de ND âœȘ Les Cloches de Notre-Dame | Paroles đŸŽ” - Statistiques

Statistiques générales
  • Ce quiz a Ă©tĂ© pris 67 fois
  • Le rĂ©sultat moyen est 326 sur 461
Statistiques - réponses
Réponse % Correct
l'Ăąme
100%
de
97%
De
97%
Le
97%
le
97%
les
97%
Les
97%
l'on
97%
notre
97%
Notre-Dame
97%
qu'on
97%
cloches
94%
est-il
94%
qu'il
94%
Qu'ils
94%
s'il
94%
Et
91%
et
91%
J'ai
91%
l'ai
91%
se
91%
son
91%
sonnent
91%
Sonnent
91%
sons
91%
Ă 
88%
À
88%
Dans
88%
dans
88%
par
88%
qui
88%
Qui
88%
Qui ?
88%
Ce
85%
c'est
85%
d'un
85%
D'un
85%
La
85%
lĂ 
85%
la
85%
ne
85%
n'est
85%
Paris
85%
que
85%
Que
85%
qu'est-ce
85%
sa
85%
s'est
85%
un
85%
Un
85%
mon
82%
quand
82%
Quand
82%
ces
79%
en
79%
il
79%
je
79%
elle
76%
Elle
76%
juge
76%
pĂȘchĂ©
76%
pour
76%
réveille
76%
tours
76%
Claude Frollo
73%
des
73%
du
73%
enfant
73%
enfants
73%
est
73%
est-elle
73%
Frollo
73%
l'enfant
73%
monstre
73%
oĂč
73%
ou
73%
peut-ĂȘtre
73%
si
73%
Sur
73%
Ăąme
70%
au
70%
Au
70%
Aux
70%
aux
70%
cet
70%
cette
70%
Cette
70%
comme
70%
gitans
70%
homme
70%
L'homme
70%
purs
70%
Quasimodo
70%
qu'une
70%
votre
70%
vĂŽtre
70%
vous
70%
Vous
70%
Cours
67%
cria
67%
ĂȘtre
67%
lĂ -haut
67%
nom
67%
non ?
67%
Non
67%
regards
67%
bébé
64%
bien
64%
caché
64%
caches ?
64%
combat
64%
créature
64%
dit
64%
était
64%
gitane
64%
haut
64%
innocent
64%
lui
64%
Mais
64%
mais
64%
mitron
64%
mitronne
64%
parvis
64%
pas
64%
prenne
64%
sang
64%
s'enflamme
64%
suis
64%
vice
64%
Asile
61%
asile
61%
bohémiens
61%
église
61%
l'église ?
61%
l'enfer
61%
pitié
61%
purifié
61%
sait
61%
sonneur
61%
sont
61%
souillez
61%
Tous
61%
tout
61%
tu
61%
veut
61%
voies
61%
voulez
61%
voulez-vous ?
61%
ciel
58%
demande
58%
démon
58%
difforme
58%
doit
58%
enfuie
58%
entrer
58%
flammes
58%
impénétrables
58%
mensonges
58%
mignons
58%
monstrueux
58%
On
58%
petit
58%
poissonne
58%
poursuivie
58%
pureté
58%
Racontez
58%
saints
58%
Seigneur
58%
sommet
58%
Sous
58%
toutes
58%
vos
58%
actions
55%
affubla
55%
armes
55%
cette
55%
Chut
55%
clair
55%
demain
55%
devrais
55%
Élevez
55%
faire
55%
histoire
55%
horrible
55%
l'archidiacre
55%
l'histoire
55%
monde
55%
noire
55%
nuit
55%
plus
55%
pourrez
55%
quais
55%
Quatre
55%
rame
55%
renvoie
55%
reste
55%
sentit
55%
seules
55%
s'faire
55%
abominable ?
52%
acclament
52%
cacher
52%
clochette
52%
immonde
52%
l'abri
52%
part
52%
pourrait
52%
puissance
52%
Quoi ?
52%
rougir
52%
Servir
52%
tinte
52%
va
52%
veut
52%
appartient
48%
attendait
48%
bourdon
48%
cƓur
48%
commença
48%
Comment
48%
comment ?
48%
conscience
48%
corrompu
48%
deniers
48%
dire
48%
doute
48%
larcin
48%
légÚre
48%
mal
48%
menaçait
48%
mille
48%
pĂȘcheur
48%
piĂšge
48%
Pourquoi
48%
pourquoi
48%
pouvoir
48%
repérer
48%
sans
48%
tonnerres
48%
tranquille
48%
Vit
48%
Ah
45%
ah
45%
auquel
45%
clocher
45%
coupables
45%
Fais-le
45%
forces
45%
glisser
45%
Menez
45%
Quelque
45%
quelque
45%
questionnent
45%
taire
45%
Toi
45%
TrĂšs
45%
vermine
45%
éclate
42%
Écoutez
42%
justice
42%
mystérieux
42%
palais
42%
sonnent
42%
veux
42%
changent
39%
Clopin
39%
d'humeur
39%
dira
39%
donc
39%
dur
39%
Menacés
39%
m'enchaĂźner
39%
métal
39%
savez
39%
sombre
39%
Enfermez-le
36%
jusqu'au
36%
magnifique
36%
selon
36%
abordĂšrent
33%
couleur
33%
démoniaque
33%
l'heure
33%
Peu
33%
inhumain
30%
Ceci
27%
demeure-t-elle
27%
puritain
27%
importe
24%
Parce
15%
Aucun quiz correspondant
Distribution des résultats
% des personnes avec chaque résultat
Percentile par nombre de réponses
Votre historique - résultats
Vous n’avez pas pris ce quiz